Statistics for The Last Of Us Characters

Click here to take the quiz!

General Stats

  • This quiz has been taken 14 times
  • The average score is 22 of 41

Answer Stats

StatusAppearance(s)GenderAnswer% Correct
AlivePart 2FemaleAbby Anderson
100%
AlivePart 1 & 2FemaleEllie
100%
DeceasedPart 1 & 2MaleJoel Miller
100%
AlivePart 1 & 2MaleTommy Miller
86%
DeceasedPart 2Female (dog)Alice
71%
AlivePart 1MaleBill
71%
DeceasedPart 2MaleJesse
71%
AlivePart 2Male*Lev
71%
AlivePart 1 & 2FemaleMaria Miller
71%
DeceasedPart 2Female (horse)Shimmer
71%
DeceasedPart 1Male (horse)Callus
57%
AlivePart 2FemaleDina
57%
DeceasedPart 1MaleFrank
57%
DeceasedPart 1MaleHenry
57%
AlivePart 2MaleJJ
57%
DeceasedPart 2MaleJordan
57%
DeceasedPart 2MaleManny Alvarez
57%
DeceasedPart 1 & 2FemaleMarlene
57%
DeceasedPart 2FemaleMel
57%
DeceasedPart 2FemaleNora Harris
57%
DeceasedPart 2MaleOwen Moore
57%
DeceasedPart 1MaleSam
57%
DeceasedPart 1FemaleSarah Miller
57%
DeceasedPart 1FemaleTess
57%
DeceasedPart 2FemaleYara
57%
DeceasedPart 1MaleDavid
43%
DeceasedPart 2FemaleEmily
43%
DeceasedPart 2MaleIsaac Dixon
43%
AlivePart 2Female (horse)Japan
43%
DeceasedPart 1 & 2MaleJerry Anderson
43%
AlivePart 2MaleSeth
43%
DeceasedPart 2FemaleWhitney
43%
AlivePart 1 & 2Male (dog)Buckley
29%
DeceasedPart 1MaleJames
29%
DeceasedPart 2MaleMike
29%
DeceasedPart 2MaleNick
29%
DeceasedPart 1FemaleRiley Abel
29%
DeceasedPart 1MaleRobert
29%
DeceasedPart 1MaleEthan
14%
DeceasedPart 1MaleJimmy Cooper
0%
DeceasedPart 1FemaleRamirez
0%

Score Distribution

Percentile by Number Answered

Percent of People with Each Score

Your Score History

You have not taken this quiz